000
00294nam a22001217a 4500
008
230703b xxu||||| |||| 00| 0 eng d
082
_a
352.4
_b
COTU
100
_c
COTU
245
_a
Proposals for the 2000/2001 National Budget
260
_b
COTU
_c
January 2000
300
_a
16p
942
_2
ddc
_c
BK
999
_c
3235
_d
3235